La Nueva democracia. (Record no. 1563)

MARC details
000 -LEADER
campo de control de longitud fija 00876nas a2200277 i 4500
001 - NÚMERO DE CONTROL
campo de control 1563
003 - IDENTIFICADOR DE NÚMERO DE CONTROL
campo de control ES-MaACL
005 - FECHA Y HORA DE LA ÚLTIMA TRANSACCIÓN
campo de control 20250729062611.0
007 - CAMPO FIJO DE DESCRIPCIÓN FÍSICA--INFORMACIÓN GENERAL
campo de control de longitud fija t|
008 - DATOS DE LONGITUD FIJA--INFORMACIÓN GENERAL
campo de control de longitud fija 950801d19201963xxu | | 1 ||pa d
022 ## - NÚMERO INTERNACIONAL NORMALIZADO PARA PUBLICACIONES SERIADAS
Número Internacional Normalizado para Publicaciones Seriadas 0885-5986
080 ## - NÚMERO DE LA CLASIFICACIÓN DECIMAL UNIVERSAL
Número de la Clasificación Decimal Universal 32(7/8)
245 03 - MENCIÓN DEL TÍTULO
Título La Nueva democracia.
260 ## - PUBLICACIÓN, DISTRIBUCIÓN, ETC.
Lugar de publicación, distribución, etc. Nueva York :
Nombre del editor, distribuidor, etc. Comité de Cooperación en la América Latina,
Fecha de publicación, distribución, etc. 1920-1963 (
Fabricante Imp. M.D. Danon)
300 ## - DESCRIPCIÓN FÍSICA
Extensión 17 v. :
Otras características físicas grab. ;
Dimensiones 31 cm.
310 ## - PERIODICIDAD ACTUAL
Periodicidad actual Trimestral
321 ## - PERIODICIDAD ANTERIOR
Periodicidad anterior Mensual,
Fechas de la periodicidad anterior 1920-49
362 0# - FECHAS DE PUBLICACIÓN Y/O DESIGNACIÓN SECUENCIAL
Fecha de publicación y/o designación secuencial V. I (1920)-(1963)
650 #7 - PUNTO DE ACCESO ADICIONAL DE MATERIA--TÉRMINO DE MATERIA
Término de materia o nombre geográfico como elemento de entrada Política
Fuente del encabezamiento o término embne
9 (RLIN) 140345
700 1# - ENTRADA AGREGADA--NOMBRE PERSONAL
Nombre de persona Inman, Samuel G.,
Término indicativo de función/relación
9 (RLIN) 227614
700 1# - ENTRADA AGREGADA--NOMBRE PERSONAL
Nombre de persona Rembao, Alberto,
Término indicativo de función/relación
9 (RLIN) 194236
710 2# - ENTRADA AGREGADA--NOMBRE DE ENTIDAD CORPORATIVA
Nombre de entidad corporativa o nombre de jurisdicción como elemento de entrada Comité de Cooperación en la América Latina.
9 (RLIN) 3073
852 ## - LOCALIZACIÓN
Ubicación ES-MaACL
Número de control de estantería HEM-D-88
Encuadernación Hem-1276
Signatura antigua
866 #0 - MENCIÓN TEXTUAL DE FONDOS--UNIDAD BIBLIOGRÁFICA BÁSICA
Fondos 1927-31,(1950f.n.1)1951-61(1962f.n.1-3)(1963).
Holdings
Estatus retirado Estado de pérdida Estado de daño No para préstamo Colección Biblioteca de origen Biblioteca actual Ubicación en estantería Fecha de adquisición Fuente de adquisición Total de préstamos Signatura topográfica completa Código de barras Visto por última vez Precio de reemplazo Tipo de ítem Koha
        Periódicos y Revistas Biblioteca del Ateneo de Madrid Biblioteca del Ateneo de Madrid Depósito 17/01/2008     HEM-D-88 1001596 23/02/2023 23/02/2023 Revista